01067nam a2200241 i 4500001000700000003000900007005001700016007000300033008004100036111007400077245016200151250001500313260007000328300002200398490003800420546004500458600005700503710005600560830004600616852002200662999001900684952012200703149126ES-MaACL20260104152443.0t|070214s1980 be |||| | mul d2 aSymposium Aristotelicum n(2º. d1960. cLovaina, Bélgica)917466910aAristote et les problèmes de méthode : bcommunications présentées au "Symposium Aristotelicum" tenu á Louvain, du 24 août au 1er septembre 1960. a2è éd. aLouvain-la-Neuve : bInstitut Supérieur de Philosophie, c1980. a362 p. ; c24 cm.1 aAristote: traductions et études aTexto en francés, inglés y alemán.04aAristóteles-xCrítica e interpretación.9228622 aInstitut Supérieur de Philosophie (Louvain)947721 aAristote: traductions et études91844054 aES-MaACLjL-11875 c149126d149126 00104070aATENEOMbATENEOMcDEPO2d2008-01-17eSCl0oL-11875p1155616r2023-02-23 00:00:00w2023-02-23yMONOGRAFIA